Závislost hrubého domácího produktu na vývoji akciového trhu. Příklad České republiky

Vzťah medzi zmenou akciových trhov a zmenou HDP. Vplyv centrálnych bánk na HDP. Akciové indexy.

Guardado en:
Detalles Bibliográficos
Autor principal: Pěta, Jan
Formato: Capítulo de libro
Lenguaje:checo
Materias:
Etiquetas: Agregar Etiqueta
Sin Etiquetas, Sea el primero en etiquetar este registro!

MARC

LEADER 00000naa a2200000 4500
001 0199179
005 20231204135400.7
041 0 |a cze 
044 |a CZ 
245 1 0 |a Závislost hrubého domácího produktu na vývoji akciového trhu. Příklad České republiky  |c Jan Pěta 
520 |a Vzťah medzi zmenou akciových trhov a zmenou HDP. Vplyv centrálnych bánk na HDP. Akciové indexy. 
610 2 0 |a Česko 
610 2 0 |a produkt domáci hrubý 
610 2 0 |a analýza regresná 
610 2 0 |a trh akciový 
610 2 0 |a burzy cenných papierov 
610 2 0 |a prognózy hospodárske 
100 1 |a Pěta, Jan